000 00610nam a2200181 i 4500
001 68589
003 ES-MaACL
005 20250822063130.0
007 t|
008 960812s1874 fr ||||1| fre d
040 _aCAM
_bspa
_cCAM
100 1 _aGaume, Jean-Joseph,
_d1802-1879
_956013
245 1 0 _aPie IX et les études classiques
_b: appel aux pères de famille et aux instituteurs de la jeunesse /
_cpar M. Gaume.
260 _aParis :
_bGaume et Cie.,
_c1874 (
_ftyp. et stér. de Crété fils)
300 _a[2], 190 p. ;
_c20 cm.
852 _aES-MaACL
_jT-196-F-5
999 _c68589
_d68589